00406nam a22001457a 450000500170000000800410001702000180005804100120007608200120008810000120010024500390011226000530015130000300020465000260023420240823073346.0240823b |||||||| |||| 00| 0 eng d a9789991687018 aEnglish a349 LAB lEnglish aLabour Law in Namibia /cC. Parker aWindhoek: bUniversity of Namibia Press, c2012  bvii, 317 pages; c25 cm.  aLegal practice bLaw